[Event "European Online Club-ch-F 2021"]
[Site "Online"]
[Date "2021.03.27"]
[Round "9.3"]
[White "Ozen, Bahadir"]
[Black "Graeffe, Petri"]
[Result "1-0"]
[WhiteElo "2369"]
[BlackElo "2043"]
[Annotator "NA"]
[PlyCount "67"]
[EventDate "2021.03.27"]
[EventType "team-tourn"]
[EventCountry "NET"]
[SourceTitle "playchess.com"]
[Source "ChessBase"]
[SourceQuality "1"]
[TimeControl "900+5"]

1. g3 {[%emt 0:00:00]} d5 {[%emt 0:00:04]} 2. Bg2 {[%emt 0:00:03]} e6 {[%emt 0:00:02]} 3. d3 {[%emt 0:00:10]} Nf6 {[%emt 0:00:16]} 4. Nd2 {[%emt 0:00:04]} c5 {[%emt 0:00:03]} 5. e4 {[%emt 0:00:02]} Nc6 {[%emt 0:00:02]} 6. Nh3 {[%emt 0:00:02]} Be7 {[%emt 0:00:16]} 7. O-O {[%emt 0:00:02]} b5 {[%emt 0:00:17]} 8. f4 {[%emt 0:00:04]} a5 {[%emt 0:00:53]} 9. Nf2 {[%emt 0:00:20]} a4 {[%emt 0:00:17]} 10. a3 {[%emt 0:00:25]} Qb6 {[%emt 0:00:51]} 11. g4 {[%emt 0:01:12]} h5 {[%emt 0:02:21]} 12. g5 {[%emt 0:00:48]} Ng4 {[%emt 0:01:55]} 13. Nxg4 {[%emt 0:00:25]} hxg4 {[%emt 0:00:02]} 14. Qxg4 {[%emt 0:00:12]} Bd7 {[%emt 0:00:44]} 15. c3 {[%emt 0:00:49]} O-O-O {[%emt 0:00:07]} 16. Qe2 {[%emt 0:00:21]} f6 {[%emt 0:00:57]} 17. Nf3 {[%emt 0:00:13]} fxg5 {[%emt 0:01:12]} 18. Nxg5 {[%emt 0:01:07]} Bxg5 {[%emt 0:00:24]} 19. fxg5 {[%emt 0:00:03]} Qc7 {[%emt 0:00:35]} 20. Bf4 {[%emt 0:00:02]} e5 {[%emt 0:00:03]} 21. Bg3 {[%emt 0:00:36]} d4 {[%emt 0:01:17]} 22. Rac1 {[%emt 0:00:48]} Qd6 {[%emt 0:00:23]} 23. Bf3 {[%emt 0:00:57]} Kb7 {[%emt 0:00:26]} 24. c4 {[%emt 0:00:15]} b4 {[%emt 0:00:42]} 25. Bg4 {[%emt 0:00:04]} Be8 {[%emt 0:00:48]} 26. h4 {[%emt 0:00:07]} Qe7 {[%emt 0:00:34]} 27. Rf2 {[%emt 0:00:10]} Bd7 {[%emt 0:00:06]} 28. Rcf1 {[%emt 0:00:05]} Ka6 {[%emt 0:00:11]} 29. Rf7 {[%emt 0:00:03]} Bxg4 {[%emt 0:00:06]} 30. Qxg4 {[%emt 0:00:03]} Qe8 {[%emt 0:00:03]} 31. Rxg7 {[%emt 0:00:06]} Qh5 {[%emt 0:00:14]} 32. Qxh5 {[%emt 0:00:34]} Rxh5 {[%emt 0:00:02]} 33. Rg6 {[%emt 0:00:04]} Kb7 {[%emt 0:00:05]} 34. Rf7+ {[%emt 0:00:02]} 1-0

[Event "European Online Club-ch-F 2021"]
[Site "Online"]
[Date "2021.03.27"]
[Round "9.4"]
[White "Kivilahti, Rami"]
[Black "Kamer, Kayra"]
[Result "0-1"]
[WhiteElo "1962"]
[BlackElo "2339"]
[Annotator "NA"]
[PlyCount "52"]
[EventDate "2021.03.27"]
[EventType "team-tourn"]
[EventCountry "NET"]
[SourceTitle "playchess.com"]
[Source "ChessBase"]
[SourceQuality "1"]
[TimeControl "900+5"]

1. d4 {[%emt 0:00:00]} Nf6 {[%emt 0:00:02]} 2. Nf3 {[%emt 0:00:04]} g6 {[%emt 0:00:02]} 3. Bf4 {[%emt 0:00:07]} Bg7 {[%emt 0:00:01]} 4. c3 {[%emt 0:00:02]} O-O {[%emt 0:00:02]} 5. Nbd2 {[%emt 0:00:27]} d6 {[%emt 0:00:10]} 6. e4 {[%emt 0:00:07]} c5 {[%emt 0:00:01]} 7. Bd3 {[%emt 0:00:25]} cxd4 {[%emt 0:00:04]} 8. cxd4 {[%emt 0:00:02]} Nc6 {[%emt 0:00:04]} 9. h3 {[%emt 0:00:20]} Bd7 {[%emt 0:00:10]} 10. O-O {[%emt 0:00:04]} Nxd4 {[%emt 0:00:20]} 11. Nxd4 {[%emt 0:00:04]} e5 {[%emt 0:00:01]} 12. Bxe5 {[%emt 0:01:49]} dxe5 {[%emt 0:00:04]} 13. Ne2 {[%emt 0:00:45]} Bxh3 {[%emt 0:00:04]} 14. Qc2 {[%emt 0:00:17]} Rc8 {[%emt 0:00:03]} 15. Nc3 {[%emt 0:00:03]} Qd7 {[%emt 0:00:31]} 16. Nc4 {[%emt 0:02:16]} Nh5 {[%emt 0:00:52]} 17. Nd5 {[%emt 0:01:56]} b5 {[%emt 0:00:24]} 18. gxh3 {[%emt 0:01:05]} bxc4 {[%emt 0:00:03]} 19. Bxc4 {[%emt 0:00:07]} Qxh3 {[%emt 0:00:10]} 20. Rac1 {[%emt 0:02:33]} Bh6 {[%emt 0:00:14]} 21. Qc3 {[%emt 0:02:33]} Qg4+ {[%emt 0:00:04]} 22. Kh2 {[%emt 0:00:25]} Bf4+ {[%emt 0:00:28]} 23. Nxf4 {[%emt 0:00:19]} Nxf4 {[%emt 0:00:01]} 24. Qg3 {[%emt 0:00:25]} Qh5+ {[%emt 0:00:02]} 25. Kg1 {[%emt 0:00:03]} Rxc4 {[%emt 0:00:01]} 26. Rxc4 {[%emt 0:00:04]} Ne2+ {[%emt 0:00:01]} 0-1

[Event "European Online Club-ch-F 2021"]
[Site "Online"]
[Date "2021.03.27"]
[Round "9.5"]
[White "Hellers, Ferdinand"]
[Black "Pechac, Jergus"]
[Result "0-1"]
[WhiteElo "2592"]
[BlackElo "2507"]
[Annotator "ChessBase"]
[PlyCount "48"]
[EventDate "2021.03.27"]
[EventType "team-tourn"]
[EventCountry "NET"]
[SourceTitle "playchess.com"]
[Source "ChessBase"]
[SourceQuality "1"]
[TimeControl "900+5"]

1. d4 {[%emt 0:00:00]} Nf6 {[%emt 0:00:05]} 2. Nf3 {[%emt 0:00:05]} d5 {[%emt 0:00:07]} 3. Bf4 {[%emt 0:00:02]} c5 {[%emt 0:00:04]} 4. e3 {[%emt 0:00:06]} Nc6 {[%emt 0:00:03]} 5. c3 {[%emt 0:00:46]} Qb6 {[%emt 0:00:11]} 6. Qb3 {[%emt 0:01:25]} c4 {[%emt 0:00:05]} 7. Qc2 {[%emt 0:00:26]} Bf5 {[%emt 0:00:04]} 8. Qc1 {[%emt 0:00:03]} Nh5 {[%emt 0:00:04]} 9. Bg5 {[%emt 0:00:20]} f6 {[%emt 0:00:10]} 10. Bh4 {[%emt 0:00:08]} g5 {[%emt 0:00:04]} 11. Bg3 {[%emt 0:00:03]} e5 {[%emt 0:00:24]} 12. Be2 {[%emt 0:00:15]} O-O-O {[%emt 0:00:44]} 13. b3 {[%emt 0:01:20]} cxb3 {[%emt 0:01:17]} 14. axb3 {[%emt 0:00:03]} Nxg3 {[%emt 0:00:46]} 15. hxg3 {[%emt 0:00:03]} Qxb3 {[%emt 0:00:16]} 16. dxe5 {[%emt 0:01:37]} fxe5 {[%emt 0:00:03]} 17. Nbd2 {[%emt 0:00:54]} Qb6 {[%emt 0:00:32]} 18. Nxg5 {[%emt 0:00:07]} Rd7 {[%emt 0:01:26]} 19. Ngf3 {[%emt 0:00:47]} Bg7 {[%emt 0:00:56]} 20. O-O {[%emt 0:00:23]} Kb8 {[%emt 0:01:03]} 21. Qa3 {[%emt 0:00:49]} h5 {[%emt 0:02:35]} 22. Nh4 {[%emt 0:01:38]} Bh7 {[%emt 0:00:06]} 23. e4 {[%emt 0:01:03]} dxe4 {[%emt 0:01:15]} 24. Rfc1 {[%emt 0:00:55]} Rxd2 {[%emt 0:00:15]} 0-1

[Event "European Online Club-ch-F 2021"]
[Site "Online"]
[Date "2021.03.27"]
[Round "9.6"]
[White "Druska, Juraj"]
[Black "Rogule, Laura"]
[Result "1-0"]
[WhiteElo "2495"]
[BlackElo "2286"]
[Annotator "ChessBase"]
[PlyCount "61"]
[EventDate "2021.03.27"]
[EventType "team-tourn"]
[EventCountry "NET"]
[SourceTitle "playchess.com"]
[Source "ChessBase"]
[SourceQuality "1"]
[TimeControl "900+5"]

1. c4 {[%emt 0:00:00]} e5 {[%emt 0:00:15]} 2. g3 {[%emt 0:00:06]} Nf6 {[%emt 0:00:35]} 3. Bg2 {[%emt 0:00:03]} d5 {[%emt 0:00:22]} 4. cxd5 {[%emt 0:00:04]} Nxd5 {[%emt 0:00:02]} 5. Nf3 {[%emt 0:00:19]} Nc6 {[%emt 0:00:07]} 6. O-O {[%emt 0:00:04]} Nb6 {[%emt 0:00:27]} 7. Nc3 {[%emt 0:00:35]} Be7 {[%emt 0:00:06]} 8. d3 {[%emt 0:00:11]} O-O {[%emt 0:00:11]} 9. b3 {[%emt 0:00:02]} Re8 {[%emt 0:01:24]} 10. Bb2 {[%emt 0:00:04]} Bf8 {[%emt 0:01:53]} 11. Rc1 {[%emt 0:00:04]} f6 {[%emt 0:01:06]} 12. Re1 {[%emt 0:00:20]} Be6 {[%emt 0:01:20]} 13. Ne4 {[%emt 0:00:08]} a5 {[%emt 0:02:40]} 14. a3 {[%emt 0:01:53]} Nd5 {[%emt 0:01:20]} 15. Nc5 {[%emt 0:00:18]} Bxc5 {[%emt 0:00:50]} 16. Rxc5 {[%emt 0:00:00]} Ra6 {[%emt 0:00:20]} 17. Qc2 {[%emt 0:00:11]} Nde7 {[%emt 0:00:31]} 18. Rc1 {[%emt 0:00:17]} Nf5 {[%emt 0:00:30]} 19. Qd1 {[%emt 0:00:27]} Re7 {[%emt 0:00:21]} 20. Nd2 {[%emt 0:02:06]} Nfd4 {[%emt 0:01:26]} 21. Bxd4 {[%emt 0:00:08]} Nxd4 {[%emt 0:00:26]} 22. Bxb7 {[%emt 0:00:00]} Rb6 {[%emt 0:00:02]} 23. Be4 {[%emt 0:00:04]} Nxb3 {[%emt 0:00:02]} 24. Nxb3 {[%emt 0:00:05]} Bxb3 {[%emt 0:00:01]} 25. Qd2 {[%emt 0:00:05]} a4 {[%emt 0:00:02]} 26. Qc3 {[%emt 0:00:08]} Qd6 {[%emt 0:00:30]} 27. Qa5 {[%emt 0:01:29]} g6 {[%emt 0:00:06]} 28. Qa7 {[%emt 0:01:04]} f5 {[%emt 0:00:12]} 29. Rxc7 {[%emt 0:00:09]} Rxc7 {[%emt 0:00:09]} 30. Rxc7 {[%emt 0:00:00]} fxe4 {[%emt 0:00:06]} 31. Rc8+ {[%emt 0:00:03]} 1-0

[Event "European Online Club-ch-F 2021"]
[Site "Online"]
[Date "2021.03.27"]
[Round "9.7"]
[White "Reizniece-Ozola, Dana"]
[Black "Jablonicky, Martin"]
[Result "0-1"]
[WhiteElo "2279"]
[BlackElo "2298"]
[Annotator "NA"]
[PlyCount "80"]
[EventDate "2021.03.27"]
[EventType "team-tourn"]
[EventCountry "NET"]
[SourceTitle "playchess.com"]
[Source "ChessBase"]
[SourceQuality "1"]
[TimeControl "900+5"]

1. c4 {[%emt 0:00:00]} Nf6 {[%emt 0:00:04]} 2. g3 {[%emt 0:00:10]} g6 {[%emt 0:00:05]} 3. Bg2 {[%emt 0:00:03]} Bg7 {[%emt 0:00:01]} 4. Nf3 {[%emt 0:00:03]} O-O {[%emt 0:00:02]} 5. O-O {[%emt 0:00:02]} Nc6 {[%emt 0:00:03]} 6. d4 {[%emt 0:00:09]} d6 {[%emt 0:00:03]} 7. Nc3 {[%emt 0:00:25]} Bg4 {[%emt 0:00:10]} 8. h3 {[%emt 0:00:24]} Bxf3 {[%emt 0:00:03]} 9. Bxf3 {[%emt 0:00:19]} Nd7 {[%emt 0:00:03]} 10. e3 {[%emt 0:00:18]} e5 {[%emt 0:00:04]} 11. d5 {[%emt 0:00:09]} Ne7 {[%emt 0:00:19]} 12. Bg2 {[%emt 0:00:37]} a5 {[%emt 0:00:09]} 13. Rb1 {[%emt 0:00:06]} f5 {[%emt 0:00:05]} 14. f4 {[%emt 0:00:29]} Nc5 {[%emt 0:00:22]} 15. Qc2 {[%emt 0:03:19]} Qd7 {[%emt 0:00:24]} 16. Kh2 {[%emt 0:00:31]} e4 {[%emt 0:00:21]} 17. b3 {[%emt 0:02:33]} Nd3 {[%emt 0:00:15]} 18. Rd1 {[%emt 0:00:10]} c6 {[%emt 0:00:14]} 19. Bf1 {[%emt 0:00:08]} Nb4 {[%emt 0:00:46]} 20. Qd2 {[%emt 0:00:03]} cxd5 {[%emt 0:00:05]} 21. a3 {[%emt 0:01:18]} d4 {[%emt 0:00:04]} 22. exd4 {[%emt 0:00:25]} Nbc6 {[%emt 0:00:02]} 23. Nb5 {[%emt 0:00:18]} d5 {[%emt 0:00:03]} 24. Bb2 {[%emt 0:01:02]} Kh8 {[%emt 0:00:27]} 25. c5 {[%emt 0:00:13]} g5 {[%emt 0:00:06]} 26. Qf2 {[%emt 0:00:27]} gxf4 {[%emt 0:00:16]} 27. gxf4 {[%emt 0:00:02]} Ng6 {[%emt 0:00:20]} 28. Nd6 {[%emt 0:00:13]} Rf6 {[%emt 0:00:19]} 29. Be2 {[%emt 0:00:29]} Rg8 {[%emt 0:00:10]} 30. Bh5 {[%emt 0:00:14]} Bf8 {[%emt 0:00:27]} 31. Nb5 {[%emt 0:00:17]} Nd8 {[%emt 0:00:03]} 32. a4 {[%emt 0:00:06]} Ne6 {[%emt 0:00:03]} 33. Bxg6 {[%emt 0:00:25]} Rfxg6 {[%emt 0:00:04]} 34. Rg1 {[%emt 0:00:02]} Bh6 {[%emt 0:00:43]} 35. Rxg6 {[%emt 0:00:10]} Bxf4+ {[%emt 0:01:35]} 36. Kh1 {[%emt 0:00:02]} Rxg6 {[%emt 0:00:04]} 37. Bc1 {[%emt 0:00:29]} Bxc1 {[%emt 0:00:31]} 38. Rxc1 {[%emt 0:00:05]} f4 {[%emt 0:00:01]} 39. Rg1 {[%emt 0:00:20]} Ng5 {[%emt 0:00:35]} 40. Rg4 {[%emt 0:00:33]} Nxh3 {[%emt 0:00:07]} 0-1

[Event "European Online Club-ch-F 2021"]
[Site "Online"]
[Date "2021.03.27"]
[Round "9.9"]
[White "Sochacki, Christophe"]
[Black "Kovalev, Vladislav"]
[Result "0-1"]
[WhiteElo "2477"]
[BlackElo "2648"]
[Annotator "ChessBase"]
[PlyCount "74"]
[EventDate "2021.03.27"]
[EventType "team-tourn"]
[EventCountry "NET"]
[SourceTitle "playchess.com"]
[Source "ChessBase"]
[SourceQuality "1"]
[TimeControl "900+5"]

1. d4 {[%emt 0:00:00]} Nf6 {[%emt 0:00:02]} 2. Nc3 {[%emt 0:00:02]} d5 {[%emt 0:00:02]} 3. Bf4 {[%emt 0:00:02]} a6 {[%emt 0:00:01]} 4. e3 {[%emt 0:00:11]} e6 {[%emt 0:00:04]} 5. g4 {[%emt 0:00:25]} Bb4 {[%emt 0:00:44]} 6. f3 {[%emt 0:00:35]} c5 {[%emt 0:00:23]} 7. a3 {[%emt 0:00:11]} Bxc3+ {[%emt 0:00:06]} 8. bxc3 {[%emt 0:00:02]} Qa5 {[%emt 0:00:01]} 9. Qd2 {[%emt 0:00:11]} Nc6 {[%emt 0:00:10]} 10. h4 {[%emt 0:01:10]} Nd7 {[%emt 0:00:57]} 11. Bd6 {[%emt 0:00:20]} Qb6 {[%emt 0:00:56]} 12. Ne2 {[%emt 0:00:55]} Nxd4 {[%emt 0:00:19]} 13. cxd4 {[%emt 0:00:18]} Qxd6 {[%emt 0:00:02]} 14. Kf2 {[%emt 0:01:13]} b6 {[%emt 0:02:20]} 15. h5 {[%emt 0:00:51]} Bb7 {[%emt 0:00:11]} 16. Rb1 {[%emt 0:00:28]} cxd4 {[%emt 0:00:45]} 17. Nxd4 {[%emt 0:00:24]} Qxa3 {[%emt 0:00:12]} 18. g5 {[%emt 0:00:02]} Qd6 {[%emt 0:00:32]} 19. Bh3 {[%emt 0:00:30]} Ne5 {[%emt 0:00:30]} 20. Qc3 {[%emt 0:01:23]} Rc8 {[%emt 0:00:09]} 21. Qb3 {[%emt 0:00:48]} b5 {[%emt 0:00:08]} 22. f4 {[%emt 0:00:54]} Nc6 {[%emt 0:00:12]} 23. Nf3 {[%emt 0:00:06]} h6 {[%emt 0:01:03]} 24. Qb2 {[%emt 0:00:12]} d4 {[%emt 0:00:18]} 25. Kg3 {[%emt 0:00:50]} hxg5 {[%emt 0:00:23]} 26. Nxg5 {[%emt 0:00:01]} Rxh5 {[%emt 0:00:13]} 27. Ne4 {[%emt 0:00:19]} Qd5 {[%emt 0:03:29]} 28. Bg2 {[%emt 0:00:01]} Rxh1 {[%emt 0:00:01]} 29. Rxh1 {[%emt 0:00:10]} Ke7 {[%emt 0:00:11]} 30. c3 {[%emt 0:00:59]} dxe3 {[%emt 0:01:14]} 31. Qa3+ {[%emt 0:00:20]} b4 {[%emt 0:00:01]} 32. cxb4 {[%emt 0:00:01]} Qb5 {[%emt 0:00:43]} 33. Nc5 {[%emt 0:00:49]} Qe2 {[%emt 0:00:09]} 34. Nd3 {[%emt 0:00:27]} Nd4 {[%emt 0:00:23]} 35. b5+ {[%emt 0:00:02]} Kf6 {[%emt 0:00:02]} 36. Qb2 {[%emt 0:01:53]} Qxb2 {[%emt 0:00:10]} 37. Nxb2 {[%emt 0:00:02]} Bxg2 {[%emt 0:00:00]} 0-1

[Event "European Online Club-ch-F 2021"]
[Site "Online"]
[Date "2021.03.27"]
[Round "9.10"]
[White "Azarov, Sergei"]
[Black "Maatoug, Redwan"]
[Result "0-1"]
[WhiteElo "2604"]
[BlackElo "2202"]
[Annotator "ChessBase"]
[PlyCount "68"]
[EventDate "2021.03.27"]
[EventType "team-tourn"]
[EventCountry "NET"]
[SourceTitle "playchess.com"]
[Source "ChessBase"]
[SourceQuality "1"]
[TimeControl "900+5"]

1. e4 {[%emt 0:00:00]} c5 {[%emt 0:00:04]} 2. Nf3 {[%emt 0:00:04]} Nc6 {[%emt 0:00:03]} 3. d4 {[%emt 0:00:03]} cxd4 {[%emt 0:00:04]} 4. Nxd4 {[%emt 0:00:01]} Nf6 {[%emt 0:00:12]} 5. Nc3 {[%emt 0:00:02]} d6 {[%emt 0:00:24]} 6. Bg5 {[%emt 0:00:04]} e6 {[%emt 0:00:11]} 7. Qd2 {[%emt 0:00:05]} a6 {[%emt 0:00:23]} 8. O-O-O {[%emt 0:00:15]} Bd7 {[%emt 0:00:04]} 9. f4 {[%emt 0:00:07]} h6 {[%emt 0:00:02]} 10. Bxf6 {[%emt 0:00:09]} Qxf6 {[%emt 0:00:04]} 11. Nf3 {[%emt 0:00:19]} Rd8 {[%emt 0:01:45]} 12. h4 {[%emt 0:00:17]} h5 {[%emt 0:00:25]} 13. g3 {[%emt 0:00:43]} g6 {[%emt 0:00:04]} 14. Ng5 {[%emt 0:01:12]} Be7 {[%emt 0:00:14]} 15. Kb1 {[%emt 0:00:48]} b5 {[%emt 0:00:20]} 16. Be2 {[%emt 0:01:05]} Qg7 {[%emt 0:01:55]} 17. Bf3 {[%emt 0:01:29]} Na5 {[%emt 0:03:04]} 18. Nxb5 {[%emt 0:02:51]} Bxb5 {[%emt 0:01:04]} 19. Qxa5 {[%emt 0:00:05]} O-O {[%emt 0:00:01]} 20. a4 {[%emt 0:01:02]} Bc4 {[%emt 0:00:46]} 21. e5 {[%emt 0:01:02]} dxe5 {[%emt 0:00:57]} 22. fxe5 {[%emt 0:00:03]} Rb8 {[%emt 0:00:03]} 23. Qc7 {[%emt 0:02:34]} Ba3 {[%emt 0:00:40]} 24. Qxc4 {[%emt 0:00:05]} Rxb2+ {[%emt 0:01:11]} 25. Ka1 {[%emt 0:00:04]} Qxe5 {[%emt 0:00:08]} 26. c3 {[%emt 0:00:08]} Rc2 {[%emt 0:00:27]} 27. Ne4 {[%emt 0:01:41]} Qb8 {[%emt 0:00:30]} 28. Rb1 {[%emt 0:00:04]} Bb2+ {[%emt 0:00:02]} 29. Ka2 {[%emt 0:00:01]} Bxc3+ {[%emt 0:00:02]} 30. Ka3 {[%emt 0:00:01]} Bb2+ {[%emt 0:00:19]} 31. Ka2 {[%emt 0:00:03]} Rxc4 {[%emt 0:00:05]} 32. Rxb2 {[%emt 0:00:01]} Rxa4+ {[%emt 0:00:03]} 33. Kb1 {[%emt 0:00:03]} Rb4 {[%emt 0:00:01]} 34. Rhh2 {[%emt 0:00:02]} a5 {[%emt 0:00:03]} 0-1

[Event "European Online Club-ch-F 2021"]
[Site "Online"]
[Date "2021.03.27"]
[Round "9.11"]
[White "Cantin, Loic"]
[Black "Zhigalko, Andrey"]
[Result "0-1"]
[WhiteElo "2182"]
[BlackElo "2517"]
[Annotator "ChessBase"]
[PlyCount "64"]
[EventDate "2021.03.27"]
[EventType "team-tourn"]
[EventCountry "NET"]
[SourceTitle "playchess.com"]
[Source "ChessBase"]
[SourceQuality "1"]
[TimeControl "900+5"]

1. Nf3 {[%emt 0:00:00]} c5 {[%emt 0:00:05]} 2. e4 {[%emt 0:00:08]} Nc6 {[%emt 0:00:05]} 3. Bb5 {[%emt 0:00:04]} Nf6 {[%emt 0:00:04]} 4. Nc3 {[%emt 0:00:06]} Qc7 {[%emt 0:00:05]} 5. d3 {[%emt 0:00:22]} d6 {[%emt 0:00:30]} 6. h3 {[%emt 0:00:11]} e6 {[%emt 0:00:31]} 7. O-O {[%emt 0:00:13]} Be7 {[%emt 0:00:15]} 8. e5 {[%emt 0:01:15]} dxe5 {[%emt 0:00:15]} 9. Bxc6+ {[%emt 0:00:08]} bxc6 {[%emt 0:00:49]} 10. Re1 {[%emt 0:00:07]} Nd7 {[%emt 0:00:24]} 11. b3 {[%emt 0:00:23]} O-O {[%emt 0:00:57]} 12. Qe2 {[%emt 0:00:30]} f6 {[%emt 0:01:45]} 13. Nd2 {[%emt 0:00:23]} a5 {[%emt 0:01:24]} 14. Ba3 {[%emt 0:00:41]} Nb8 {[%emt 0:02:16]} 15. Na4 {[%emt 0:01:19]} Na6 {[%emt 0:00:04]} 16. c3 {[%emt 0:01:31]} Rd8 {[%emt 0:01:07]} 17. Nc4 {[%emt 0:00:59]} Rb8 {[%emt 0:00:22]} 18. Rad1 {[%emt 0:00:43]} Bf8 {[%emt 0:00:34]} 19. Qe3 {[%emt 0:00:34]} Rd5 {[%emt 0:00:03]} 20. Qg3 {[%emt 0:00:38]} Rb7 {[%emt 0:01:05]} 21. Re4 {[%emt 0:00:41]} Qd8 {[%emt 0:00:20]} 22. Nab2 {[%emt 0:01:34]} Bd7 {[%emt 0:01:18]} 23. Qh4 {[%emt 0:02:01]} Be8 {[%emt 0:00:18]} 24. Ne3 {[%emt 0:00:36]} Nc7 {[%emt 0:00:23]} 25. Rc4 {[%emt 0:00:32]} Nb5 {[%emt 0:00:21]} 26. Nxd5 {[%emt 0:00:21]} Nxa3 {[%emt 0:00:46]} 27. Ra4 {[%emt 0:00:15]} cxd5 {[%emt 0:00:28]} 28. Rxa3 {[%emt 0:00:31]} c4 {[%emt 0:00:02]} 29. b4 {[%emt 0:00:25]} axb4 {[%emt 0:00:00]} 30. cxb4 {[%emt 0:00:01]} Rxb4 {[%emt 0:00:15]} 31. Rd2 {[%emt 0:00:10]} c3 {[%emt 0:00:06]} 32. Rxc3 {[%emt 0:00:02]} Rxh4 {[%emt 0:00:03]} 0-1

[Event "European Online Club-ch-F 2021"]
[Site "Online"]
[Date "2021.03.27"]
[Round "9.12"]
[White "Kazakouski, Valery"]
[Black "Saatdjian, Stephane"]
[Result "1/2-1/2"]
[WhiteElo "2476"]
[BlackElo "2131"]
[Annotator "ChessBase"]
[PlyCount "65"]
[EventDate "2021.03.27"]
[EventType "team-tourn"]
[EventCountry "NET"]
[SourceTitle "playchess.com"]
[Source "ChessBase"]
[SourceQuality "1"]
[TimeControl "900+5"]

1. d4 {[%emt 0:00:00]} Nf6 {[%emt 0:00:03]} 2. Nf3 {[%emt 0:00:02]} g6 {[%emt 0:00:01]} 3. c4 {[%emt 0:00:02]} c5 {[%emt 0:00:01]} 4. g3 {[%emt 0:00:02]} cxd4 {[%emt 0:00:13]} 5. Nxd4 {[%emt 0:00:00]} Nc6 {[%emt 0:00:01]} 6. Bg2 {[%emt 0:00:01]} Bg7 {[%emt 0:00:01]} 7. O-O {[%emt 0:00:02]} O-O {[%emt 0:00:01]} 8. Nc3 {[%emt 0:00:01]} d6 {[%emt 0:00:01]} 9. Nxc6 {[%emt 0:00:02]} bxc6 {[%emt 0:00:01]} 10. Bxc6 {[%emt 0:00:00]} Rb8 {[%emt 0:00:01]} 11. Bg2 {[%emt 0:00:02]} Qa5 {[%emt 0:00:01]} 12. Qd2 {[%emt 0:00:01]} Qa6 {[%emt 0:03:45]} 13. b3 {[%emt 0:01:29]} Rxb3 {[%emt 0:00:46]} 14. axb3 {[%emt 0:00:09]} Qxa1 {[%emt 0:00:03]} 15. Nb5 {[%emt 0:01:39]} a6 {[%emt 0:02:28]} 16. Bb2 {[%emt 0:01:16]} Ne4 {[%emt 0:01:37]} 17. Rxa1 {[%emt 0:00:04]} Nxd2 {[%emt 0:00:03]} 18. Bxg7 {[%emt 0:00:02]} Kxg7 {[%emt 0:01:34]} 19. Nd4 {[%emt 0:00:03]} f5 {[%emt 0:01:29]} 20. Rd1 {[%emt 0:01:53]} Ne4 {[%emt 0:00:06]} 21. f3 {[%emt 0:00:22]} Nc5 {[%emt 0:00:24]} 22. b4 {[%emt 0:00:12]} Ne6 {[%emt 0:00:01]} 23. Nc6 {[%emt 0:00:11]} Kf6 {[%emt 0:00:20]} 24. f4 {[%emt 0:00:24]} Bb7 {[%emt 0:00:59]} 25. Ne5 {[%emt 0:02:04]} dxe5 {[%emt 0:00:57]} 26. fxe5+ {[%emt 0:00:05]} Kxe5 {[%emt 0:00:03]} 27. Bxb7 {[%emt 0:00:00]} Rb8 {[%emt 0:01:08]} 28. Rd7 {[%emt 0:01:36]} Kf6 {[%emt 0:00:02]} 29. c5 {[%emt 0:03:06]} Nf8 {[%emt 0:00:15]} 30. Rc7 {[%emt 0:00:02]} Ne6 {[%emt 0:00:03]} 31. Rd7 {[%emt 0:00:01]} Nf8 {[%emt 0:00:01]} 32. Rc7 {[%emt 0:00:14]} Ne6 {[%emt 0:00:02]} 33. Rd7 {[%emt 0:00:01]} 1/2-1/2

[Event "European Online Club-ch-F 2021"]
[Site "Online"]
[Date "2021.03.27"]
[Round "9.13"]
[White "Isik, Alparslan"]
[Black "Kovalenko, Igor"]
[Result "0-1"]
[WhiteElo "2321"]
[BlackElo "2643"]
[Annotator "ChessBase"]
[PlyCount "66"]
[EventDate "2021.03.27"]
[EventType "team-tourn"]
[EventCountry "NET"]
[SourceTitle "playchess.com"]
[Source "ChessBase"]
[SourceQuality "1"]
[TimeControl "900+5"]

1. d4 {[%emt 0:00:00]} e6 {[%emt 0:00:04]} 2. c4 {[%emt 0:00:03]} b6 {[%emt 0:00:02]} 3. Nf3 {[%emt 0:00:07]} Bb7 {[%emt 0:00:01]} 4. g3 {[%emt 0:00:07]} Bb4+ {[%emt 0:00:09]} 5. Bd2 {[%emt 0:00:30]} Bxf3 {[%emt 0:00:04]} 6. exf3 {[%emt 0:00:02]} a5 {[%emt 0:00:01]} 7. Nc3 {[%emt 0:00:06]} Ne7 {[%emt 0:00:05]} 8. d5 {[%emt 0:01:43]} O-O {[%emt 0:00:22]} 9. Bg2 {[%emt 0:00:44]} e5 {[%emt 0:00:08]} 10. f4 {[%emt 0:00:26]} exf4 {[%emt 0:00:06]} 11. Bxf4 {[%emt 0:00:02]} Ng6 {[%emt 0:00:06]} 12. Be3 {[%emt 0:00:10]} Bxc3+ {[%emt 0:00:15]} 13. bxc3 {[%emt 0:00:04]} d6 {[%emt 0:00:01]} 14. O-O {[%emt 0:00:16]} Ne5 {[%emt 0:00:03]} 15. Qd4 {[%emt 0:00:08]} Nbd7 {[%emt 0:00:03]} 16. f4 {[%emt 0:00:09]} Ng4 {[%emt 0:00:02]} 17. Bd2 {[%emt 0:00:02]} f5 {[%emt 0:00:02]} 18. Rae1 {[%emt 0:00:04]} Nc5 {[%emt 0:00:02]} 19. Bc1 {[%emt 0:00:40]} Qd7 {[%emt 0:00:04]} 20. Ba3 {[%emt 0:00:27]} Rae8 {[%emt 0:00:07]} 21. Bxc5 {[%emt 0:00:18]} bxc5 {[%emt 0:00:02]} 22. Qd3 {[%emt 0:00:02]} g6 {[%emt 0:00:06]} 23. Re6 {[%emt 0:00:06]} Kg7 {[%emt 0:00:10]} 24. Rfe1 {[%emt 0:00:04]} Nf6 {[%emt 0:00:02]} 25. h3 {[%emt 0:00:23]} h5 {[%emt 0:00:27]} 26. Bf3 {[%emt 0:00:13]} Qd8 {[%emt 0:00:14]} 27. g4 {[%emt 0:00:18]} hxg4 {[%emt 0:00:06]} 28. hxg4 {[%emt 0:00:02]} fxg4 {[%emt 0:00:02]} 29. Bxg4 {[%emt 0:00:07]} Rxe6 {[%emt 0:00:02]} 30. Rxe6 {[%emt 0:00:48]} Re8 {[%emt 0:00:13]} 31. f5 {[%emt 0:01:26]} Rxe6 {[%emt 0:00:08]} 32. dxe6 {[%emt 0:00:42]} Nxg4 {[%emt 0:00:02]} 33. fxg6 {[%emt 0:00:47]} Ne5 {[%emt 0:00:11]} 0-1